[Event "Tournoi Skype 020B"]
[Site "Skype"]
[Date "????.??.??"]
[Round "3.31"]
[White "Lequeux, Pierre"]
[Black "Balasana"]
[Result "0-1"]
[WhiteElo "1180"]
[BlackElo "1000"]
[PlyCount "66"]

1. e4 c5 2. c4 Nc6 3. d3 h6 4. Nf3 e6 5. Nc3 Nf6 6. Be2 e5 7. Be3 g6 8. Na4 d6
9. O-O Bg7 10. h3 O-O 11. Nc3 a6 12. b3 Bd7 13. a4 Qc7 14. Nd5 Qd8 15. Bd2 b6
16. Qc1 Kh7 17. Nxf6+ Qxf6 18. Rb1 Rab8 19. b4 a5 20. b5 Nb4 21. Bxb4 axb4 22.
Nd2 h5 23. Qd1 Ra8 24. g4 Bh6 25. Ra1 Qe6 26. f3 Be3+ 27. Kh2 Qf6 28. Rh1 Qf4+
29. Kg2 Bxd2 30. Ra2 Be3 31. Bf1 b3 32. Qxb3 h4 33. Qc3 Qg3# 0-1

[Event "Tournoi Skype 020B"]
[Site "Skype"]
[Date "????.??.??"]
[Round "3.33"]
[White "Schnell, Nicolas"]
[Black "Scata, Laura"]
[Result "0-1"]
[WhiteElo "1000"]
[BlackElo "1058"]
[PlyCount "68"]

1. e4 c6 2. Nc3 d5 3. e5 Bf5 4. d3 e6 5. g4 Bg6 6. Qf3 c5 7. h4 h6 8. h5 Bh7 9.
b3 Nc6 10. Bf4 Qc7 11. Rb1 Nxe5 12. Qe3 Bd6 13. d4 cxd4 14. Bb5+ Ke7 15. Qg3
dxc3 16. Qh4+ Nf6 17. g5 hxg5 18. Qxg5 Bxc2 19. Rc1 Nd3+ 20. Ke2 Nxc1+ 21. Bxc1
Be4 22. Rh3 Be5 23. f3 Bf5 24. Qxg7 Rhg8 25. Qh6 Rxg1 26. Be3 Bxh3 27. Bxg1 c2
28. Be3 d4 29. Bg5 Rd8 30. f4 c1=Q 31. fxe5 Q7c2+ 32. Kf3 Q1d1+ 33. Kg3 Qg2+
34. Kh4 Qdg4# 0-1

[Event "Tournoi Skype 020B"]
[Site "Skype"]
[Date "????.??.??"]
[Round "3.34"]
[White "Yilmazer, Seher"]
[Black "Gagnon, Sindy"]
[Result "1-0"]
[WhiteElo "1043"]
[BlackElo "1000"]
[PlyCount "71"]

1. e4 Nf6 2. Nc3 d6 3. d4 Nbd7 4. Nf3 e6 5. a4 Qe7 6. Nb5 Rb8 7. Bd3 d5 8. exd5
exd5+ 9. Qe2 a6 10. Nxc7+ Kd8 11. Nxa6 Ra8 12. Nb4 Nb6 13. O-O Be6 14. b3 Qd6
15. Ba3 Qf4 16. c4 h5 17. cxd5 Bg4 18. h3 Bd7 19. g3 Qh6 20. a5 Nc8 21. h4 Rxa5
22. Qc2 g5 23. Rfc1 Nb6 24. Qc8+ Nxc8 25. hxg5 Qg7 26. gxf6 Qxf6 27. Be2 Bh6
28. Rc2 h4 29. d6 hxg3 30. Rc5 Ra7 31. Nd5 gxf2+ 32. Kxf2 Qg6 33. Rc7 Be6 34.
b4 Bxd5 35. d7 Qh5 36. dxc8=Q# 1-0

[Event "Tournoi Skype 020B"]
[Site "Skype"]
[Date "????.??.??"]
[Round "3.35"]
[White "Tekes, Gamze"]
[Black "Marty, Yvette"]
[Result "1-0"]
[WhiteElo "1007"]
[BlackElo "1000"]
[PlyCount "53"]

1. e4 e5 2. Nf3 Nc6 3. Nc3 d6 4. Bd3 Bg4 5. Be2 Be7 6. b3 g6 7. O-O Qd7 8. h3
Bh5 9. Ba3 Nf6 10. Bc4 O-O 11. Qe2 a6 12. g4 Bxg4 13. hxg4 Qxg4+ 14. Kh1 Qh3+
15. Nh2 Ng4 16. f3 Nxh2 17. Rf2 Qg3 18. Rxh2 Bh4 19. Rg1 Qf4 20. Nd5 Qh6 21.
Nf6+ Kg7 22. Ng4 Nd4 23. Qg2 Qf4 24. Rxh4 Nxf3 25. Qh3 Qxe4 26. Rxh7+ Kg8 27.
Nf6# 1-0

[Event "Tournoi Skype 020B"]
[Site "Skype"]
[Date "????.??.??"]
[Round "4.1"]
[White "Levantini, Claudio"]
[Black "Fernandez Cabello, Emilio"]
[Result "0-1"]
[WhiteElo "1242"]
[BlackElo "1520"]
[PlyCount "78"]

1. e4 e6 2. d4 d5 3. Nc3 Nf6 4. Bd3 a6 5. Nf3 c5 6. exd5 Nxd5 7. Nxd5 Qxd5 8.
c3 Nc6 9. Be3 b5 10. O-O Be7 11. Qc2 f5 12. Rfe1 O-O 13. dxc5 Bxc5 14. Bxc5
Qxc5 15. Rad1 Ra7 16. Ng5 Re7 17. Qe2 h6 18. Bc2 hxg5 19. Qh5 g4 20. Bb3 Ree8
21. Re3 Qe7 22. Rde1 Nd8 23. h3 Rf6 24. hxg4 fxg4 25. Qxg4 Rh6 26. Rg3 Kh8 27.
Re5 Rf8 28. Rh5 Nc6 29. Rgh3 Qf6 30. Rf3 Qe7 31. Rfh3 Rff6 32. Bc2 Bd7 33. Bg6
Qf8 34. f3 Ne7 35. Bc2 Nf5 36. Qg5 Be8 37. Rxh6+ gxh6 38. Bxf5 exf5 39. Rxh6+
Qxh6 0-1

[Event "Tournoi Skype 020B"]
[Site "Skype"]
[Date "????.??.??"]
[Round "4.2"]
[White "Briere, Jean"]
[Black "Diaz, Jose Garcia"]
[Result "0-1"]
[WhiteElo "1390"]
[BlackElo "1251"]
[PlyCount "36"]

1. e4 c5 2. Nf3 Nc6 3. d4 cxd4 4. Nxd4 Qb6 5. Nxc6 dxc6 6. c4 Nf6 7. Nc3 Bg4 8.
Be2 Bxe2 9. Qxe2 e5 10. O-O O-O-O 11. b3 Bb4 12. Bd2 Qc7 13. Rfd1 Rd7 14. Nb5
cxb5 15. Bxb4 Rhd8 16. Rxd7 Qxd7 17. f3 Qd4+ 18. Kf1 Qxa1+ 0-1

[Event "Tournoi Skype 020B"]
[Site "Skype"]
[Date "????.??.??"]
[Round "4.3"]
[White "Jogi, Kalpesh"]
[Black "Chavero, Victor"]
[Result "1-0"]
[WhiteElo "1000"]
[BlackElo "1376"]
[PlyCount "115"]

1. Nf3 d5 2. d4 Nf6 3. e3 Bg4 4. Be2 e6 5. Ne5 Bxe2 6. Qxe2 Be7 7. c4 O-O 8.
O-O Nbd7 9. Nxd7 Qxd7 10. cxd5 exd5 11. Nc3 c6 12. Qf3 Rfe8 13. a3 Bd6 14. g3
Qh3 15. Qg2 Qxg2+ 16. Kxg2 Rac8 17. Bd2 Ne4 18. Nxe4 Rxe4 19. Rfc1 c5 20. dxc5
Rxc5 21. Rxc5 Bxc5 22. Rc1 b6 23. b4 Bf8 24. Rc7 Re7 25. Rc8 f6 26. b5 Kf7 27.
Bb4 Re8 28. Rc7+ Kg8 29. Rxa7 Bxb4 30. axb4 Rd8 31. Rb7 Rd6 32. Rc7 Kf8 33. Kf3
d4 34. exd4 Rxd4 35. Rc6 Rxb4 36. Rxb6 Kf7 37. Rb7+ Kg6 38. b6 h5 39. h4 Kh6
40. Kg2 g5 41. hxg5+ Kxg5 42. Kh3 h4 43. Rb8 Rb3 44. b7 Kf5 45. Kxh4 Rb4+ 46.
f4 Rb1 47. Kh3 Rb2 48. g4+ Kxf4 49. g5 Rb3+ 50. Kg2 Rg3+ 51. Kf2 Rxg5 52. Rf8
Rf5 53. b8=Q+ Ke4+ 54. Ke2 Re5 55. Rxf6 Kd4+ 56. Kd2 Rd5 57. Rf4+ Kc5+ 58. Kc3
1-0

[Event "Tournoi Skype 020B"]
[Site "Skype"]
[Date "????.??.??"]
[Round "4.4"]
[White "Dhenain, Sebastien"]
[Black "Luna Perez Vico, Lorenzo"]
[Result "0-1"]
[WhiteElo "1230"]
[BlackElo "1550"]
[PlyCount "52"]

1. e4 c5 2. c3 Nc6 3. d4 cxd4 4. cxd4 e6 5. Nf3 Nf6 6. Nc3 Bb4 7. h3 Nxe4 8.
Bd2 Nxd2 9. Qxd2 d5 10. Bb5 Bd7 11. O-O O-O 12. Bd3 Be7 13. Qc2 g6 14. Ne5 Nxd4
15. Qd1 Bf6 16. Nxd7 Qxd7 17. a4 a6 18. b4 Rac8 19. Ne2 Nxe2+ 20. Qxe2 Bxa1 21.
Rxa1 Qd6 22. h4 Qxb4 23. h5 Qd4 24. Rd1 Qxa4 25. hxg6 hxg6 26. Qg4 Qxg4 0-1

[Event "Tournoi Skype 020B"]
[Site "Skype"]
[Date "????.??.??"]
[Round "4.5"]
[White "Vervoort, Jean-Louis"]
[Black "Delmonte, Davide"]
[Result "1/2-1/2"]
[WhiteElo "1209"]
[BlackElo "1195"]
[PlyCount "87"]

1. d4 d5 2. c4 Bf5 3. Nc3 e6 4. Nf3 Nc6 5. Bg5 Be7 6. Bxe7 Ngxe7 7. e3 O-O 8.
Bd3 dxc4 9. Bxc4 h6 10. e4 Bg4 11. d5 exd5 12. exd5 Ne5 13. Be2 c6 14. d6 Bxf3
15. Bxf3 Nf5 16. Ne4 Qb6 17. b3 Nd3+ 18. Qxd3 Qa5+ 19. Qd2 Qe5 20. O-O Nh4 21.
Qe3 Nxf3+ 22. Qxf3 Rad8 23. Rad1 f5 24. Ng3 Rxd6 25. Rxd6 Qxd6 26. Rd1 Qe6 27.
Qe3 Qxe3 28. fxe3 f4 29. exf4 Rxf4 30. Rd7 Rf7 31. Rxf7 Kxf7 32. Ne4 Ke7 33. a4
b5 34. a5 Ke6 35. Nc5+ Kd5 36. Nb7 c5 37. a6 c4 38. bxc4+ bxc4 39. Na5 c3 40.
Nb3 Ke4 41. Kf2 Kd3 42. Ke1 c2 43. Nc1+ Ke3 44. Nb3 1/2-1/2

[Event "Tournoi Skype 020B"]
[Site "Skype"]
[Date "????.??.??"]
[Round "4.6"]
[White "Malbec, Robert"]
[Black "Mordaa, Ahmad"]
[Result "0-1"]
[WhiteElo "1477"]
[BlackElo "1413"]
[PlyCount "88"]

1. e4 e5 2. Nf3 Nc6 3. Bc4 Nf6 4. Ng5 d5 5. exd5 Nxd5 6. Nxf7 Kxf7 7. Qf3+ Ke8
8. Qxd5 Qxd5 9. Bxd5 Nd4 10. Be4 Nf5 11. O-O Bc5 12. d3 Nd4 13. Nd2 Nxc2 14.
Rb1 Be6 15. b3 Kf7 16. Bb2 Nd4 17. Bxb7 Rad8 18. Ba6 Rhe8 19. Rbc1 Ne2+ 20. Kh1
Nxc1 21. Bxc1 Bf5 22. Ne4 Bxe4 23. dxe4 Bb4 24. Bc4+ Kf6 25. h4 h6 26. g3 Rd4
27. g4 g5 28. hxg5+ hxg5 29. Kg2 Rh8 30. Bb2 Rd2 31. a3 Bc5 32. b4 Bb6 33. Ba1
Rhd8 34. Rh1 Rxf2+ 35. Kg3 Re8 36. Rh6+ Kg7 37. Rh5 Kg6 38. Bd5 Rf1 39. Bb2
Rg1+ 40. Kf3 Rf1+ 41. Kg3 Ref8 42. Bc1 R1f3+ 43. Kg2 Rf2+ 44. Kg3 R8f3# 0-1

[Event "Tournoi Skype 020B"]
[Site "Skype"]
[Date "????.??.??"]
[Round "4.7"]
[White "Bhandari, Dattatrey"]
[Black "Gerbaux, Regis"]
[Result "0-1"]
[WhiteElo "1361"]
[BlackElo "1505"]
[PlyCount "60"]

1. e4 e5 2. Nf3 Nf6 3. d3 d6 4. Bg5 Be7 5. Bxf6 Bxf6 6. Nc3 c6 7. h3 O-O 8. g4
Be6 9. Qd2 Nd7 10. g5 Be7 11. h4 Bg4 12. Nh2 Bh5 13. f3 f6 14. Be2 fxg5 15. Rg1
Rf4 16. O-O-O Rxh4 17. Ng4 Nf6 18. Qxg5 Nxg4 19. Qf5 Ne3 20. Qe6+ Bf7 21. Rxg7+
Kxg7 22. Rg1+ Kf8 23. Qxf7+ Kxf7 24. b3 Qd7 25. Kd2 Rg8 26. Rxg8 Kxg8 27. Kxe3
Bg5+ 28. Kf2 Rh2+ 29. Kg1 Rh1+ 30. Kxh1 Qh3+ 0-1

[Event "Tournoi Skype 020B"]
[Site "Skype"]
[Date "????.??.??"]
[Round "4.8"]
[White "Aceituno, Stebe"]
[Black "Khatanhar, Mohit"]
[Result "0-1"]
[WhiteElo "1491"]
[BlackElo "1369"]
[PlyCount "70"]

1. e4 e5 2. Nf3 d6 3. Bc4 h6 4. h3 Nf6 5. Nc3 Be7 6. O-O O-O 7. d4 exd4 8. Nxd4
Bd7 9. Nf5 Bxf5 10. exf5 Nbd7 11. Bf4 Qc8 12. Qd3 Nc5 13. Qg3 Nh5 14. Qg6 Nxf4
15. Qg4 Nxg2 16. Kxg2 Nd7 17. Nd5 Qd8 18. Rae1 Re8 19. Nxe7+ Rxe7 20. Qg6 Rxe1
21. Rxe1 Qf6 22. Bxf7+ Qxf7 23. Qg4 Ne5 24. Qf4 Rf8 25. Qg3 Qxf5 26. Re2 Qe6
27. f4 Qd5+ 28. Kf2 Qd4+ 29. Qe3 Rxf4+ 30. Kg2 Qd5+ 31. Kh2 Nf3+ 32. Kg3 Qg5+
33. Kf2 Qh4+ 34. Kg2 Qg5+ 35. Kf2 Qg1# 0-1

[Event "Tournoi Skype 020B"]
[Site "Skype"]
[Date "????.??.??"]
[Round "4.9"]
[White "Torres, Vicky"]
[Black "Hargez, Dany"]
[Result "0-1"]
[WhiteElo "1359"]
[BlackElo "1462"]
[PlyCount "58"]

1. e4 e5 2. Bc4 Nf6 3. d3 Bb4+ 4. c3 Ba5 5. Nf3 d5 6. exd5 O-O 7. O-O Bg4 8. h3
Bh5 9. Be3 Bb6 10. Bxb6 cxb6 11. a4 a5 12. Qc2 Bxf3 13. gxf3 Nh5 14. d4 Qg5+
15. Kh2 Qf4+ 16. Kg2 Re8 17. Qe4 Qg5+ 18. Qg4 Nf4+ 19. Kh2 Qh6 20. Nd2 exd4 21.
cxd4 Rf8 22. Ne4 f5 23. Qg3 fxe4 24. fxe4 Rf6 25. d6+ Kh8 26. e5 Rg6 27. Qf3
Nd7 28. e6 Nf6 29. Qxb7 Qxh3# 0-1

[Event "Tournoi Skype 020B"]
[Site "Skype"]
[Date "????.??.??"]
[Round "4.10"]
[White "Kruk, Clementine"]
[Black "Lemoine, Gerard"]
[Result "1-0"]
[WhiteElo "1443"]
[BlackElo "1297"]
[PlyCount "47"]

1. e4 e6 2. d4 d5 3. Nc3 c5 4. exd5 exd5 5. dxc5 Bxc5 6. Nxd5 Ne7 7. Bb5+ Nec6
8. Bf4 Qa5+ 9. c3 Qxb5 10. Nc7+ Ke7 11. Nxb5 Rd8 12. Qe2+ Be6 13. Nc7 Na6 14.
Nxa8 Rxa8 15. Rd1 Bb6 16. Bd6+ Ke8 17. Nf3 Rd8 18. Ng5 Nc5 19. Nxe6 Nxe6 20.
O-O a5 21. Rfe1 Na7 22. Qg4 Rd7 23. Qxg7 Bc5 24. Qf8# 1-0

[Event "Tournoi Skype 020B"]
[Site "Skype"]
[Date "????.??.??"]
[Round "4.11"]
[White "De Nobrega, George"]
[Black "Lecluyse, Koenraad"]
[Result "1-0"]
[WhiteElo "1435"]
[BlackElo "1208"]
[PlyCount "55"]

1. e4 e6 2. Nf3 Nc6 3. d4 d5 4. exd5 exd5 5. Nc3 Nf6 6. h3 Bd6 7. Qe2+ Be7 8.
Qd3 O-O 9. Be2 Be6 10. Bg5 h6 11. Bxf6 Bxf6 12. O-O Qd7 13. Nh2 Bf5 14. Qd1
Bxd4 15. Bg4 Rae8 16. Qf3 Re5 17. Rfe1 Rfe8 18. Bxf5 Rxf5 19. Rxe8+ Kh7 20. Qe2
Bxf2+ 21. Kh1 Nd4 22. Qe7 Qc6 23. Rf8 Nxc2 24. Rc1 d4 25. Rxf7 Ne3 26. Rxg7+
Kh8 27. Rh7+ Kg8 28. Qg7# 1-0

[Event "Tournoi Skype 020B"]
[Site "Skype"]
[Date "????.??.??"]
[Round "4.12"]
[White "Sommadossi, Roberto"]
[Black "Douichi, Mohammed"]
[Result "1-0"]
[WhiteElo "1423"]
[BlackElo "1192"]
[PlyCount "83"]

1. e4 e5 2. Nc3 Nc6 3. f4 exf4 4. Nf3 Bc5 5. Bc4 d6 6. h3 Nd4 7. Nb5 Nxf3+ 8.
Qxf3 Qh4+ 9. Kf1 Bg4 10. Qxf4 Qf2+ 11. Qxf2 Bxf2 12. Nxc7+ Kd8 13. Nxa8 Bd4 14.
c3 Be5 15. d4 Be6 16. Bxe6 fxe6 17. dxe5 dxe5 18. Bg5+ Nf6 19. Rd1+ Kc8 20.
Bxf6 Rf8 21. Ke2 Rxf6 22. Rhf1 b6 23. Rxf6 gxf6 24. Rd6 Kb8 25. Nxb6 axb6 26.
Rxb6+ Kc7 27. Rxe6 Kd7 28. Rxf6 Ke7 29. Rh6 Kf7 30. Rxh7+ Kf6 31. Rh4 Kg5 32.
g4 Kxh4 33. a4 Kxh3 34. g5 Kg4 35. g6 Kg5 36. g7 Kf4 37. Kd3 Kg5 38. g8=Q+ Kf4
39. Qf7+ Kg3 40. Ke3 Kh3 41. Qg6 Kh2 42. Kf2 1-0

[Event "Tournoi Skype 020B"]
[Site "Skype"]
[Date "????.??.??"]
[Round "4.13"]
[White "Farfallini, Michel"]
[Black "Zenini, Simone"]
[Result "0-1"]
[WhiteElo "1316"]
[BlackElo "1420"]
[PlyCount "82"]

1. e4 e5 2. Nf3 Nf6 3. Nxe5 d6 4. Nf3 Nxe4 5. d3 Nf6 6. Bf4 Be7 7. Be2 O-O 8.
O-O Nc6 9. c3 Re8 10. d4 d5 11. Nbd2 Bd6 12. Bg5 h6 13. Bh4 Be7 14. Re1 Bg4 15.
Qb3 Na5 16. Qb5 c6 17. Qd3 b6 18. Ne5 Bxe2 19. Rxe2 Qc7 20. Rae1 Nb7 21. Bxf6
Bxf6 22. Ng4 Rxe2 23. Nxf6+ gxf6 24. Qxe2 Rc8 25. Qg4+ Kh8 26. Qh4 Kg7 27. Re3
Qd6 28. Rh3 Rh8 29. Qg4+ Kf8 30. Rg3 Qd8 31. Nf3 Nd6 32. Nh4 Ne4 33. Re3 Ng5
34. Nf5 Ne6 35. Rh3 Rg8 36. Qh5 Rg6 37. Qf3 Ng5 38. Qh5 Nxh3+ 39. Qxh3 Qd7 40.
Qh5 Qe6 41. Nxh6 Qe1# 0-1

[Event "Tournoi Skype 020B"]
[Site "Skype"]
[Date "????.??.??"]
[Round "4.14"]
[White "Marino, Giuseppe"]
[Black "Borg, Anthony"]
[Result "1-0"]
[WhiteElo "1418"]
[BlackElo "1000"]
[PlyCount "67"]

1. d4 e6 2. Nf3 d5 3. e3 Nf6 4. Bd3 Bb4+ 5. c3 Bd6 6. O-O O-O 7. Nbd2 h6 8. e4
Ng4 9. e5 Be7 10. h3 Nxf2 11. Rxf2 c5 12. Nf1 cxd4 13. cxd4 Nc6 14. a3 f6 15.
Bc2 fxe5 16. dxe5 Qc7 17. Qd3 Rf5 18. Re2 Bd7 19. Ng3 Nxe5 20. Nxe5 Bc5+ 21.
Kh1 Rxe5 22. Bf4 Bd6 23. Bxe5 Bxe5 24. Qh7+ Kf8 25. Qh8+ Ke7 26. Qxa8 Bxg3 27.
Rf1 Be8 28. Bg6 Bxg6 29. Qf8+ Kd7 30. Qxg7+ Kc6 31. Rxe6+ Kb5 32. Qxg6 Qc4 33.
Qe8+ Ka5 34. b4+ 1-0

[Event "Tournoi Skype 020B"]
[Site "Skype"]
[Date "????.??.??"]
[Round "4.15"]
[White "Ramirez Reina, Orlando"]
[Black "Khunte, Aniruddha"]
[Result "0-1"]
[WhiteElo "1372"]
[BlackElo "1000"]
[PlyCount "76"]

1. e4 e5 2. Nf3 Nc6 3. Bc4 Nd4 4. Nxe5 Qg5 5. Bxf7+ Kd8 6. O-O Qxe5 7. c3 Bd6
8. g3 Ne6 9. Bxe6 Qxe6 10. d3 h6 11. f4 Qe8 12. Re1 Be7 13. e5 d5 14. exd6 cxd6
15. Na3 d5 16. Nc2 Qg6 17. Qf3 Nf6 18. Qe3 Re8 19. b4 Bh3 20. Nd4 h5 21. Ne6+
Bxe6 22. Qxe6 Bc5+ 23. d4 Bxd4+ 24. cxd4 Rxe6 25. Rxe6 Kd7 26. Re5 Re8 27. f5
Qg4 28. Bf4 g5 29. Rxe8 Nxe8 30. Be5 Qxf5 31. Rf1 Qg6 32. a4 h4 33. g4 Nd6 34.
Rf6 Qb1+ 35. Kf2 Ne4+ 36. Kf3 Nxf6 37. Bxf6 Qf1+ 38. Ke3 Qxf6 0-1

[Event "Tournoi Skype 020B"]
[Site "Skype"]
[Date "????.??.??"]
[Round "4.16"]
[White "Escudero Ocana, Francisco"]
[Black "Guillaume, Mickael"]
[Result "1-0"]
[WhiteElo "1446"]
[BlackElo "1353"]
[PlyCount "31"]

1. e4 c5 2. Nf3 Nc6 3. c3 e5 4. Bb5 a6 5. Bxc6 bxc6 6. Nxe5 Bd6 7. Nf3 Qf6 8.
d4 Qg6 9. O-O Qxe4 10. Re1 Qxe1+ 11. Qxe1+ Kf8 12. Bg5 h6 13. Bh4 Bb7 14. dxc5
Bxc5 15. Ne5 Re8 16. Nxd7# 1-0

[Event "Tournoi Skype 020B"]
[Site "Skype"]
[Date "????.??.??"]
[Round "4.18"]
[White "Vello, Pablo"]
[Black "Milanese, Serge"]
[Result "1-0"]
[WhiteElo "1289"]
[BlackElo "1442"]
[PlyCount "63"]

1. e4 e5 2. Nf3 Nc6 3. Bb5 Nf6 4. O-O Nxe4 5. Bxc6 dxc6 6. Re1 Nf6 7. Rxe5+ Be7
8. Qe1 Nd5 9. h3 O-O 10. c4 Nb4 11. Qd1 Nd3 12. Re2 Nf4 13. Re4 Nxh3+ 14. gxh3
Bxh3 15. d4 Bf6 16. Nc3 Qd7 17. Ne5 Bxe5 18. Rxe5 Bg4 19. Qd3 g6 20. Bf4 Bh5
21. Ne4 Qg4+ 22. Qg3 Kg7 23. Qxg4 Bxg4 24. Re1 b6 25. Re7 Rac8 26. Be5+ Kh6 27.
Kg2 a5 28. Rh1+ Bh5 29. Nf6 Rcd8 30. Kg3 b5 31. f4 bxc4 32. Ng4# 1-0

[Event "Tournoi Skype 020B"]
[Site "Skype"]
[Date "????.??.??"]
[Round "4.19"]
[White "Martin, Jean-Claude"]
[Black "Kruzeniski, Randy"]
[Result "1/2-1/2"]
[WhiteElo "1434"]
[BlackElo "1425"]
[PlyCount "84"]

1. d4 d5 2. c4 e6 3. Nc3 Nf6 4. Bg5 Nbd7 5. e3 h6 6. Nf3 Be7 7. Bh4 c6 8. Bd3
dxc4 9. Bxc4 b5 10. Bd3 Bb7 11. O-O a6 12. Re1 O-O 13. e4 c5 14. e5 Nd5 15.
Nxd5 Bxd5 16. Bxe7 Qxe7 17. Be4 Bxe4 18. Rxe4 cxd4 19. Rxd4 Rfd8 20. Rc1 Nb6
21. Rc6 Nd5 22. g3 Qb7 23. Qc1 Rdc8 24. Rxc8+ Rxc8 25. Qd2 Qc6 26. Ne1 Qc1 27.
Qxc1 Rxc1 28. Kf1 Rb1 29. Rd2 g5 30. Ke2 Rc1 31. Rc2 Rxc2+ 32. Nxc2 Kg7 33. a3
f6 34. exf6+ Kxf6 35. Kd3 e5 36. Ke4 Ke6 37. Ne3 Nf6+ 38. Kd3 h5 39. h3 Nd5 40.
b3 Nxe3 41. fxe3 a5 42. Ke4 h4 1/2-1/2

[Event "Tournoi Skype 020B"]
[Site "Skype"]
[Date "????.??.??"]
[Round "4.20"]
[White "Sanchez Padilla, Armando Edilber"]
[Black "Vincent, Andre"]
[Result "1-0"]
[WhiteElo "1000"]
[BlackElo "1386"]
[PlyCount "75"]

1. e4 c5 2. c3 d6 3. d4 cxd4 4. cxd4 Nf6 5. Nc3 e6 6. Nf3 Nbd7 7. Bb5 Be7 8.
O-O O-O 9. Bf4 Nh5 10. Be3 a6 11. Ba4 b5 12. Bb3 Bb7 13. e5 g6 14. exd6 Bxd6
15. Bg5 Be7 16. Bh6 Re8 17. d5 e5 18. d6 Bf6 19. Re1 Nc5 20. Bd5 Qd7 21. b4
Bxd5 22. Qxd5 Nb7 23. Ne4 Rac8 24. g4 Qxg4+ 25. Ng3 Nxg3 26. hxg3 Qd7 27. Nxe5
Bxe5 28. Rxe5 Nxd6 29. Rxe8+ Rxe8 30. Qd4 f6 31. Qxf6 Nf5 32. Bg5 Re6 33. Qc3
Kf7 34. Qb3 Qe8 35. Re1 Nd4 36. Qd5 h6 37. Bxh6 Nf3+ 38. Qxf3+ 1-0

[Event "Tournoi Skype 020B"]
[Site "Skype"]
[Date "????.??.??"]
[Round "4.21"]
[White "Bouffard, Georges"]
[Black "Bustos, Ricardo"]
[Result "1/2-1/2"]
[WhiteElo "1432"]
[BlackElo "1318"]
[PlyCount "102"]

1. d4 d5 2. e3 e6 3. Bd3 Nf6 4. f4 c5 5. c3 Nbd7 6. Nf3 Be7 7. O-O O-O 8. Ne5
cxd4 9. exd4 a6 10. f5 exf5 11. Bxf5 Nb6 12. Qd3 Bxf5 13. Qxf5 Bd6 14. Bf4 Bxe5
15. Bxe5 Nbd7 16. Nd2 g6 17. Qh3 Nxe5 18. dxe5 Nh5 19. Nf3 Qb6+ 20. Kh1 Qe6 21.
Ng5 Qxh3 22. gxh3 h6 23. Nf3 Nf4 24. Ng1 Nd3 25. Rad1 Nxe5 26. Rxd5 Nc4 27. Rf2
Ne3 28. Rd4 Nf5 29. Re4 b5 30. h4 Rae8 31. Ree2 Nxh4 32. Rxe8 Rxe8 33. Re2 Rxe2
34. Nxe2 Nf5 35. Kg2 Kg7 36. Kf3 Kf6 37. Ke4 Ke6 38. Nf4+ Kf6 39. Nd5+ Kg5 40.
Nc7 Nd6+ 41. Kd5 Nc4 42. b3 Ne3+ 43. Kc5 Nd1 44. c4 bxc4 45. bxc4 a5 46. Kb5
Nc3+ 47. Kxa5 Nxa2 48. c5 Nc3 49. Nb5 Nd5 50. c6 Kf6 51. c7 Nxc7 1/2-1/2

[Event "Tournoi Skype 020B"]
[Site "Skype"]
[Date "????.??.??"]
[Round "4.22"]
[White "Junqueira, Leonardo De Faria"]
[Black "Cengiz, Ali Ekber"]
[Result "1-0"]
[WhiteElo "1489"]
[BlackElo "1200"]
[PlyCount "49"]

1. e4 e5 2. d4 Nc6 3. dxe5 Nxe5 4. Bf4 d6 5. Bxe5 dxe5 6. Qxd8+ Kxd8 7. Nf3 Bd6
8. Nc3 Nf6 9. O-O-O Re8 10. Bc4 Re7 11. Ng5 Bg4 12. f3 Bh5 13. Nb5 Rd7 14. Nxd6
cxd6 15. Rd3 Rc8 16. Bb3 h6 17. Nh3 Rc5 18. Rhd1 Nxe4 19. g4 Bg6 20. fxe4 Bxe4
21. Rxd6 Bc6 22. Rxd7+ Bxd7 23. Bxf7 Kc7 24. Nf2 Bxg4 25. Nxg4 1-0

[Event "Tournoi Skype 020B"]
[Site "Skype"]
[Date "????.??.??"]
[Round "4.23"]
[White "Dubois, Real"]
[Black "Baker, Abi"]
[Result "1-0"]
[WhiteElo "1381"]
[BlackElo "1118"]
[PlyCount "85"]

1. d4 d5 2. Nf3 e6 3. Bf4 Bd6 4. Bg3 Ne7 5. Nbd2 O-O 6. Nb3 b6 7. Ne5 a5 8. e3
c5 9. dxc5 bxc5 10. Bb5 Ba6 11. Bxa6 Nxa6 12. O-O a4 13. Nd2 Nb4 14. a3 Nbc6
15. Nxc6 Nxc6 16. Bxd6 Qxd6 17. Ne4 Qe5 18. Nc3 d4 19. exd4 cxd4 20. Re1 Qb8
21. Ne4 Qxb2 22. Nc5 Qb8 23. Nd7 Qb5 24. Nxf8 Rxf8 25. Rb1 Qc5 26. Re2 Qxa3 27.
Ra1 Qb4 28. Rb1 Qc3 29. Rd2 a3 30. Rd3 Qa5 31. Rdb3 a2 32. Ra1 e5 33. Qc1 e4
34. Ra3 Qc3 35. Rxc3 dxc3 36. Rxa2 f5 37. Qd1 g6 38. g3 g5 39. Qd5+ Kg7 40.
Qxc6 Rd8 41. Ra7+ Kf8 42. Qf6+ Ke8 43. Qf7# 1-0

[Event "Tournoi Skype 020B"]
[Site "Skype"]
[Date "????.??.??"]
[Round "4.24"]
[White "Martin, Elise"]
[Black "Battaglia, Gabriele"]
[Result "0-1"]
[WhiteElo "1038"]
[BlackElo "1360"]
[PlyCount "62"]

1. e4 e5 2. d3 Nf6 3. Nc3 Bb4 4. Bd2 Nc6 5. Nf3 O-O 6. Be2 Re8 7. O-O d5 8.
exd5 Nxd5 9. Nxd5 Bxd2 10. Qxd2 Qxd5 11. Ng5 e4 12. Bh5 g6 13. Qf4 gxh5 14. Qd2
e3 15. fxe3 Qxg5 16. Rf2 Nd4 17. Raf1 Bh3 18. exd4 Qxd2 19. Rxd2 Be6 20. Rdf2
b5 21. h3 Rad8 22. Rf3 Kh8 23. Rf6 Rd7 24. Rh6 Rg8 25. Rxh5 Rxd4 26. Rf6 Rg6
27. Rf4 Rxf4 28. g3 Rxg3+ 29. Kh2 Rgf3 30. h4 Rf2+ 31. Kg3 R4f3# 0-1

[Event "Tournoi Skype 020B"]
[Site "Skype"]
[Date "????.??.??"]
[Round "4.25"]
[White "Porcabeuf, Jean-Marc"]
[Black "Yilmazer, Seher"]
[Result "1-0"]
[WhiteElo "1337"]
[BlackElo "1043"]
[PlyCount "37"]

1. d4 e6 2. Nf3 Nc6 3. e3 d5 4. Bd3 Nf6 5. Nbd2 Bd6 6. c3 b5 7. O-O a6 8. Re1
O-O 9. e4 Rb8 10. e5 Bxe5 11. Nxe5 Qe8 12. Ndf3 b4 13. Bg5 Nh5 14. Nxc6 Qxc6
15. Ne5 Qb7 16. Qxh5 g6 17. Qh6 bxc3 18. Bf6 Qxb2 19. Qg7# 1-0

[Event "Tournoi Skype 020B"]
[Site "Skype"]
[Date "????.??.??"]
[Round "4.26"]
[White "Scata, Laura"]
[Black "Hernandez Lopez, Joaquin"]
[Result "0-1"]
[WhiteElo "1058"]
[BlackElo "1289"]
[PlyCount "110"]

1. e4 d6 2. d4 Nf6 3. Nc3 g6 4. Nf3 a6 5. a4 Bg7 6. Be3 O-O 7. Qd2 Ng4 8. Bf4
Nd7 9. h3 Ngf6 10. Bh6 Re8 11. Bc4 e6 12. O-O Nb6 13. Bb3 Bd7 14. Rfe1 Bc6 15.
Bxg7 Kxg7 16. e5 Bxf3 17. exf6+ Qxf6 18. gxf3 Qxf3 19. Qe3 Qf6 20. Ne4 Qf5 21.
Qg5 Qxg5+ 22. Nxg5 d5 23. Re3 Re7 24. Rae1 Rae8 25. f4 f5 26. Nxe6+ Kf6 27.
Bxd5 Nxd5 28. Re5 Rxe6 29. Rxe6+ Rxe6 30. Rf1 Ne3 31. Rc1 Re4 32. Kf2 Nd5 33.
Kg3 Rxd4 34. c3 Rxa4 35. Rd1 Nxf4 36. b3 Ne2+ 37. Kf2 Nxc3 38. Rd7 Rf4+ 39. Kg3
Rb4 40. Rxc7 Rxb3 41. Rxh7 Ne4+ 42. Kg2 Rg3+ 43. Kf1 f4 44. h4 Nd2+ 45. Kf2 Re3
46. Rxb7 Ne4+ 47. Kf1 f3 48. Rb6+ Kf5 49. Rb5+ axb5 50. Kg1 Kg4 51. Kf1 Kxh4
52. Kg1 Re1+ 53. Kh2 f2 54. Kg2 f1=Q+ 55. Kh2 Qf2# 0-1

[Event "Tournoi Skype 020B"]
[Site "Skype"]
[Date "????.??.??"]
[Round "4.27"]
[White "Erten, Ozlem"]
[Black "Codina, Teresa"]
[Result "1-0"]
[WhiteElo "1015"]
[BlackElo "1283"]
[PlyCount "72"]

1. e4 e5 2. Nf3 Nc6 3. Bb5 a6 4. Ba4 Nf6 5. O-O Be7 6. Re1 b5 7. Bb3 O-O 8. d3
Na5 9. Nbd2 Nxb3 10. Nxb3 d6 11. Bd2 Bd7 12. Re2 c5 13. Be3 Qc7 14. Qd2 Rfb8
15. Nc1 b4 16. c3 a5 17. a3 Bf8 18. cxb4 axb4 19. Bg5 Be6 20. Bxf6 gxf6 21. Qe3
d5 22. Nh4 dxe4 23. Qxe4 Qd6 24. Nf5 Bxf5 25. Qxf5 Bg7 26. Re3 Qe6 27. Rf3 Rd8
28. h4 c4 29. h5 h6 30. dxc4 Rd1+ 31. Kh2 Qxc4 32. Rb3 Rxc1 33. Rxb4 Qc5 34.
Qe4 Rd8 35. Rxc1 Qxc1 36. Qb7 Qf4+ 1-0

[Event "Tournoi Skype 020B"]
[Site "Skype"]
[Date "????.??.??"]
[Round "4.29"]
[White "Balasana"]
[Black "Bucherie, Volcy"]
[Result "0-1"]
[WhiteElo "1000"]
[BlackElo "1236"]
[PlyCount "24"]

1. e4 c6 2. Bc4 Nf6 3. d3 d5 4. Bb3 e5 5. Qe2 Bg4 6. f3 Bh5 7. Be3 d4 8. Bf2
Nbd7 9. c3 dxc3 10. bxc3 Nc5 11. Qc2 Nxd3+ 12. Qxd3 Qxd3 0-1